Fallgirls : Gender and the Framing of Torture at Abu Ghraib.

Bibliographic Details
Main Author: Caldwell, Ryan Ashley.
Format: eBook
Language:English
Published: Milton : Taylor & Francis Group, 2012.
Edition:1st ed.
Series:Classical and Contemporary Social Theory Series
Subjects:
Online Access:Click to View
LEADER 02896nam a22003973i 4500
001 EBC7245449
003 MiAaPQ
005 20231204023229.0
006 m o d |
007 cr cnu||||||||
008 231204s2012 xx o ||||0 eng d
020 |a 9781317136668  |q (electronic bk.) 
020 |z 9781409429692 
035 |a (MiAaPQ)EBC7245449 
035 |a (Au-PeEL)EBL7245449 
035 |a (OCoLC)1253416630 
040 |a MiAaPQ  |b eng  |e rda  |e pn  |c MiAaPQ  |d MiAaPQ 
082 0 |a 956.7044/37 
100 1 |a Caldwell, Ryan Ashley. 
245 1 0 |a Fallgirls :  |b Gender and the Framing of Torture at Abu Ghraib. 
250 |a 1st ed. 
264 1 |a Milton :  |b Taylor & Francis Group,  |c 2012. 
264 4 |c Ã2012. 
300 |a 1 online resource (240 pages) 
336 |a text  |b txt  |2 rdacontent 
337 |a computer  |b c  |2 rdamedia 
338 |a online resource  |b cr  |2 rdacarrier 
490 1 |a Classical and Contemporary Social Theory Series 
505 0 |a Cover -- Half Title -- Series Page -- Title -- Copyright -- Dedication -- Contents -- List of Figures -- List of Abbreviations -- List of Significant Personnel -- Series Editor's Perface -- Preface -- Prologue: So What Really Happened at Abu Ghraib? -- Defense Counsel's Opening Statements -- 1 It was not Lucifer Achieved: Zimbardo, Women, and Abu Ghraib -- Testimony of Captain Donald J. Reese, U.S. Army, Sabrina Harman Courts-Martial -- 2 Abu Ghraib and the "Rationalization" of Rationality: Uses of the Masculine and Feminine Symbolic Narrative -- Testimony of Major David DiNenna, U.S. Army, Sabrina Harman Courts-Martial -- 3 The Abuse was Reported: Parsonian Gender Roles and Abu Ghraib Transfigurations -- Evidence: Sabrina Harman's Letter to Kelly Bryant, Sabrina Harman Courts-Martial -- 4 The Significance of Identity Simulacra and Gender Hyperreality: American Military and the Case of Abu Ghraib -- Testimony of Stjepan G. Mestrovic, Expert Witness in Sociology, Sabrina Harman Courts-Martial -- 5 The Fallgirls of Abu Ghraib: Feminist Analyses and the Importance of Context -- 6 Conversations with Sabrina Harman, Summer 2007 -- Closing Statement of the Defense Counsel, Sabrina Harman Courts-Martial, Captain Patsy Takemura, May 17, 2005, Fort Hood, Texas -- Sworn Statements -- Bibliography -- Index. 
588 |a Description based on publisher supplied metadata and other sources. 
590 |a Electronic reproduction. Ann Arbor, Michigan : ProQuest Ebook Central, 2023. Available via World Wide Web. Access may be limited to ProQuest Ebook Central affiliated libraries.  
655 4 |a Electronic books. 
776 0 8 |i Print version:  |a Caldwell, Ryan Ashley  |t Fallgirls  |d Milton : Taylor & Francis Group,c2012  |z 9781409429692 
797 2 |a ProQuest (Firm) 
830 0 |a Classical and Contemporary Social Theory Series 
856 4 0 |u https://ebookcentral.proquest.com/lib/matrademy/detail.action?docID=7245449  |z Click to View